Statistics for U.S. State To Capital

Click here to take the quiz!

General Stats

  • This quiz has been taken 24 times
  • The average score is 37 of 50

Answer Stats

HintAnswer% Correct
DenverColorado
91%
Salt Lake CityUtah
91%
JuneauAlaska
87%
TallahasseeFlorida
87%
LincolnNebraska
87%
Santa FeNew Mexico
87%
Oklahoma CityOklahoma
87%
SacramentoCalifornia
83%
AtlantaGeorgia
83%
HonoluluHawaii
83%
BoiseIdaho
83%
Saint PaulMinnesota
83%
ColumbusOhio
83%
AustinTexas
83%
Little RockArkansas
78%
IndianapolisIndiana
78%
BostonMassachusetts
78%
LansingMichigan
78%
JacksonMississippi
78%
ProvidenceRhode Island
78%
NashvilleTennessee
78%
MadisonWisconsin
78%
PhoenixArizona
74%
SpringfieldIllinois
74%
TopekaKansas
74%
Baton RougeLouisiana
74%
HelanaMontana
74%
TrentonNew Jersey
74%
AlbanyNew York
74%
BismarckNorth Dakota
74%
HarrisburgPennsylvania
74%
OlympiaWashington
74%
MontgomeryAlabama
70%
DoverDelaware
70%
Des MoinesIowa
70%
AugustaMaine
70%
RaleighNorth Carolina
70%
SalemOregon
70%
RichmondVirginia
70%
CheyenneWyoming
70%
FrankfortKentucky
65%
Carson CityNevada
65%
AnnapolisMaryland
61%
ColumbiaSouth Carolina
61%
MontpelierVermont
61%
CharlestonWest Virginia
61%
HartfordConnecticut
57%
Jefferson CityMissouri
57%
PierreSouth Dakota
57%
ConcordNew Hampshire
52%

Score Distribution

Percentile by Number Answered

Percent of People with Each Score

Your Score History

You have not taken this quiz